[Event "Wch Seniors 23rd"]
[Site "Opatija"]
[Date "2013.11.21"]
[Round "9"]
[White "Christiansen, Arne"]
[Black "Masich, Vladimir"]
[Result "1-0"]
[WhiteElo "2117"]
[BlackElo "1931"]
[PlyCount "133"]
[EventDate "2013.11.12"]
[EventType "swiss"]
[EventRounds "11"]
[EventCountry "CRO"]
[SourceTitle "CBM 157 Extra"]
[Source "ChessBase"]
[SourceDate "2013.12.19"]
[SourceVersion "1"]
[SourceVersionDate "2013.12.19"]
[SourceQuality "1"]

1. c4 Nf6 2. Nf3 c5 3. g3 Nc6 4. Nc3 g6 5. Bg2 Bg7 6. 0-0 0-0 7. d4 cxd4 8. Nxd4 Nxd4 9. Qxd4 d6 10. Qd2 a6 11. b3 Rb8 12. Bb2 Bd7 13. Rfd1 Qc7 14. Rac1 Rbc8 15. e4 Bg4 16. f3 Qc5+ 17. Qf2 Qxf2+ 18. Kxf2 Bd7 19. Bf1 Rfe8 20. Bd3 Bc6 21. Rc2 Rc7 22. Bc1 Rec8 23. Be3 Nd7 24. Rcc1 Nc5 25. Be2 b6 26. Nd5 Rb7 27. h4 h5 28. Kg2 a5 29. Kf2 Ra8 30. Rb1 Kf8 31. Rd2 Bxd5 32. Rxd5 Bc3 33. a4 Na6 34. Rd3 Bf6 35. Rdd1 Nb4 36. Bd4 Kg7 37. f4 Bxd4+ 38. Rxd4 Kf6 39. Bf3 Rc7 40. e5+ dxe5 41. fxe5+ Kxe5 42. Re4+ Kf6 43. Rf4+ Kg7 44. Bxa8 Nd3+ 45. Ke3 Nxf4 46. gxf4 Rd7 47. Bf3 Rd6 48. Rc1 Re6+ 49. Kf2 Rd6 50. c5 bxc5 51. Rxc5 Rd3 52. Bd5 Rd2+ 53. Ke3 Rh2 54. Rxa5 Rxh4 55. Ra7 Kf6 56. a5 e6 57. Bf3 Rh2 58. a6 Ra2 59. Be2 h4 60. Rd7 Ra3 61. Bc4 h3 62. Rd2 g5 63. fxg5+ Kxg5 64. Kf3 Ra1 65. Kg3 Kf6 66. Kxh3 Ke7 67. Rf2 1-0

[Event "Wch Seniors 23rd"]
[Site "Opatija"]
[Date "2013.11.20"]
[Round "8"]
[White "Masich, Vladimir"]
[Black "Haubt, Georg"]
[Result "0-1"]
[WhiteElo "1931"]
[BlackElo "2206"]
[PlyCount "118"]
[EventDate "2013.11.12"]
[EventType "swiss"]
[EventRounds "11"]
[EventCountry "CRO"]
[SourceTitle "CBM 157 Extra"]
[Source "ChessBase"]
[SourceDate "2013.12.19"]
[SourceVersion "1"]
[SourceVersionDate "2013.12.19"]
[SourceQuality "1"]

1. e4 d5 2. exd5 Qxd5 3. Nc3 Qd6 4. Nf3 Nf6 5. d4 g6 6. Bd3 Bg7 7. 0-0 0-0 8. Re1 Nc6 9. Nb5 Qd8 10. c3 a6 11. Na3 b5 12. Nc2 Rb8 13. Qe2 Re8 14. a4 Bf5 15. Bxf5 gxf5 16. axb5 axb5 17. Ra6 Qd6 18. Nb4 Rb6 19. Rxb6 cxb6 20. Qxb5 Nxb4 21. cxb4 e6 22. Bg5 Rc8 23. Qa6 Qd8 24. Ne5 h6 25. Bh4 Qc7 26. h3 Nd5 27. Qa4 Nf4 28. Nf3 Qc4 29. Qd7 Nd3 30. Rf1 Nxb4 31. Bd8 Qc6 32. Qxc6 Rxc6 33. Ra1 Nd5 34. Ra8 Kh7 35. Rb8 Rc1+ 36. Kh2 Rc2 37. Bxb6 Rxb2 38. Bc7 Rxf2 39. Bg3 Rc2 40. Rb7 f4 41. Be1 Ne3 42. Rxf7 Nxg2 43. Kg1 Kg6 44. Rd7 Bf6 45. Bd2 Ne3 46. Ba5 Rg2+ 47. Kh1 Rf2 48. Ne5+ Bxe5 49. dxe5 Ra2 50. Bb6 Ra1+ 51. Kh2 Kf5 52. Rh7 Ra2+ 53. Kh1 Ke4 54. Rxh6 f3 55. Rxe6 f2 56. Rf6 Ra1+ 57. Kh2 f1Q 58. Rxf1 Nxf1+ 59. Kg2 Kxe5 0-1

[Event "EU-ch Seniors 13th"]
[Site "Plovdiv"]
[Date "2013.03.13"]
[Round "3"]
[White "Taksrud, Vidar"]
[Black "Masich, Vladimir"]
[Result "1/2-1/2"]
[WhiteElo "2089"]
[BlackElo "1928"]
[PlyCount "54"]
[EventDate "2013.03.11"]
[EventType "swiss"]
[EventRounds "9"]
[EventCountry "BUL"]
[SourceTitle "CBM 153 Extra"]
[Source "ChessBase"]
[SourceDate "2013.04.22"]
[SourceVersion "1"]
[SourceVersionDate "2013.04.22"]
[SourceQuality "1"]

1. d4 Nf6 2. Nf3 e6 3. g3 b6 4. Bg2 Bb7 5. 0-0 c5 6. Bf4 cxd4 7. Qxd4 Nc6 8. Qd1 Nd5 9. Bd2 Be7 10. Nc3 Nxc3 11. Bxc3 Bf6 12. Bxf6 Qxf6 13. Qd6 Qe7 14. Rfd1 Qxd6 15. Rxd6 Ke7 16. Rad1 Rad8 17. Ng5 Ba8 18. b4 h6 19. Nh3 Nxb4 20. Bxa8 Rxa8 21. Rxd7+ Kf6 22. R1d4 Nxc2 23. Rf4+ Ke5 24. Rfxf7 Rhd8 25. Rc7 Rd1+ 26. Kg2 Ne1+ 27. Kh1 Nf3+ 1/2-1/2

[Event "EU-ch Seniors 12th"]
[Site "Kaunas"]
[Date "2012.08.25"]
[Round "8"]
[White "Malisov, Boris"]
[Black "Masich, Vladimir"]
[Result "1-0"]
[WhiteElo "2298"]
[BlackElo "1947"]
[PlyCount "55"]
[EventDate "2012.08.18"]
[EventType "swiss"]
[EventRounds "9"]
[EventCountry "LTU"]
[SourceTitle "CBM 150 Extra"]
[Source "ChessBase"]
[SourceDate "2012.10.19"]
[SourceVersion "1"]
[SourceVersionDate "2012.10.19"]
[SourceQuality "1"]

1. e4 c6 2. d3 d5 3. Nd2 e5 4. Ngf3 Bd6 5. g3 Nf6 6. Bg2 0-0 7. 0-0 Bg4 8. h3 Bh5 9. b3 dxe4 10. dxe4 Qc7 11. Bb2 b5 12. a4 Nbd7 13. Qe2 Bxf3 14. Nxf3 bxa4 15. Rxa4 Nc5 16. Rc4 a5 17. Bxe5 Bxe5 18. Rxc5 Bd6 19. Rc4 Rae8 20. Nd4 Qb6 21. Nf5 Bc5 22. Qd2 Re6 23. Qg5 Ne8 24. Rxc5 Kh8 25. Qe3 g6 26. Qc3+ f6 27. Ne3 Rf7 28. e5 1-0

[Event "RUS-ch Seniors"]
[Site "Odintsovo"]
[Date "2011.04.22"]
[Round "4"]
[White "Masich, Vladimir"]
[Black "Turov, Vladimir"]
[Result "0-1"]
[WhiteElo "1954"]
[BlackElo "2078"]
[PlyCount "110"]
[EventDate "2011.04.19"]
[EventType "swiss"]
[EventRounds "9"]
[EventCountry "RUS"]
[SourceTitle "CBM 142 Extra"]
[Source "ChessBase"]
[SourceDate "2011.06.27"]
[SourceVersion "1"]
[SourceVersionDate "2011.06.27"]
[SourceQuality "1"]

1. e4 c6 2. d4 d5 3. Nc3 dxe4 4. Nxe4 Nf6 5. Nxf6+ exf6 6. Nf3 Bd6 7. Be2 0-0 8. 0-0 Re8 9. c4 Qc7 10. Re1 Bg4 11. h3 Bh5 12. c5 Bf8 13. Be3 Nd7 14. Nh4 Bxe2 15. Rxe2 g6 16. Qd2 Rad8 17. Qc3 Bg7 18. Rae1 Qc8 19. Qa3 a6 20. Bd2 Rxe2 21. Rxe2 Nf8 22. Nf3 Ne6 23. Bc3 Rd5 24. b4 Nf4 25. Re4 Qf5 26. Re8+ Bf8 27. Bd2 Ne6 28. Bh6 Rd8 29. Rxd8 Nxd8 30. Bxf8 Kxf8 31. Qb2 g5 32. Qd2 Ne6 33. Kh2 h5 34. Qe3 Nf4 35. a3 Nd5 36. Qd2 Ke7 37. Ne1 Qf4+ 38. Qxf4 Nxf4 39. Nc2 Ke6 40. Ne3 Ne2 41. Nc4 Nxd4 42. Na5 Nc2 43. Nxb7 Nxa3 44. Nd8+ Kd7 45. Nxf7 Nc2 46. h4 gxh4 47. Kh3 Nxb4 48. Nd6 Nd3 49. Ne4 f5 50. Nf6+ Ke6 51. Nxh5 Nxf2+ 52. Kxh4 a5 53. Ng3 a4 54. Ne2 Ke5 55. Nc1 Ne4 0-1

[Event "RUS-ch Seniors"]
[Site "Odintsovo"]
[Date "2011.04.21"]
[Round "3"]
[White "Vager, Boris"]
[Black "Masich, Vladimir"]
[Result "1-0"]
[WhiteElo "2122"]
[BlackElo "1954"]
[PlyCount "97"]
[EventDate "2011.04.19"]
[EventType "swiss"]
[EventRounds "9"]
[EventCountry "RUS"]
[SourceTitle "CBM 142 Extra"]
[Source "ChessBase"]
[SourceDate "2011.06.27"]
[SourceVersion "1"]
[SourceVersionDate "2011.06.27"]
[SourceQuality "1"]

1. d4 d5 2. Nf3 Nf6 3. Bf4 c5 4. c3 Qb6 5. Qb3 c4 6. Qxb6 axb6 7. Nbd2 Nc6 8. a3 b5 9. Rc1 Bf5 10. h3 h6 11. g4 Bh7 12. Bg2 e6 13. 0-0 g5 14. Bh2 Bg7 15. Ne5 Ne4 16. Nxe4 dxe4 17. Nxc6 bxc6 18. f3 exf3 19. Bxf3 Ra6 20. Rcd1 0-0 21. e4 Rd8 22. Rf2 Kf8 23. Rfd2 Ke7 24. Kg2 f6 25. Bg1 Bg8 26. d5 cxd5 27. exd5 e5 28. d6+ Kd7 29. Bb7 Ra4 30. Be4 Ra6 31. Bc5 Be6 32. Bf5 Bxf5 33. gxf5 Kc6 34. Bb4 Rd7 35. Rd5 Bf8 36. Rc5+ Kb6 37. Rc8 Bg7 38. Rd5 Kb7 39. Rcc5 Bf8 40. Rxb5+ Rb6 41. a4 Rxb5 42. Rxb5+ Kc6 43. Rc5+ Kxd6 44. Rc8+ Kd5 45. Bxf8 Ke4 46. Rxc4+ Kxf5 47. Ba3 Rd2+ 48. Kf1 Rh2 49. a5 1-0

[Event "Moscow op-E"]
[Site "Moscow"]
[Date "2011.02.06"]
[Round "9.222"]
[White "Masich, Vladimir"]
[Black "Krenev, Daniil"]
[Result "1-0"]
[WhiteElo "1963"]
[BlackElo "1742"]
[PlyCount "73"]
[EventDate "2011.01.29"]
[EventType "swiss"]
[EventRounds "9"]
[EventCountry "RUS"]
[SourceTitle "EXT 2022"]
[Source "ChessBase"]
[SourceDate "2021.10.06"]
[SourceVersion "1"]
[SourceVersionDate "2021.10.06"]
[SourceQuality "1"]

1. Nf3 Nf6 2. d4 d5 3. g3 Bf5 4. Bg2 e6 5. 0-0 Bd6 6. c4 c6 7. Qb3 Qc7 8. c5 Be7 9. Bf4 Qc8 10. h3 Nbd7 11. g4 Bg6 12. Nbd2 h6 13. Ne5 Nxe5 14. Bxe5 0-0 15. Qg3 b6 16. b4 a5 17. a3 Qa6 18. cxb6 Qxb6 19. bxa5 Qxa5 20. Nb3 Qb5 21. Nc1 Rxa3 22. Rxa3 Bxa3 23. Qxa3 Nd7 24. Bd6 Rc8 25. Qa7 c5 26. dxc5 Nxc5 27. Bxc5 Rxc5 28. Nd3 Rc8 29. Nf4 Bh7 30. Bf3 g5 31. Nh5 Qb2 32. Qa1 Qh8 33. Nf6+ Kg7 34. Nxd5+ Kg8 35. Ne7+ Kf8 36. Qxh8+ Kxe7 37. Qxc8 1-0

[Event "Moscow op-E"]
[Site "Moscow"]
[Date "2011.02.03"]
[Round "6.168"]
[White "Lugovskoy, Maxim"]
[Black "Masich, Vladimir"]
[Result "1-0"]
[WhiteElo "2136"]
[BlackElo "1963"]
[PlyCount "119"]
[EventDate "2011.01.29"]
[EventType "swiss"]
[EventRounds "9"]
[EventCountry "RUS"]
[SourceTitle "EXT 2022"]
[Source "ChessBase"]
[SourceDate "2021.10.06"]
[SourceVersion "1"]
[SourceVersionDate "2021.10.06"]
[SourceQuality "1"]

1. e4 c5 2. Nf3 d6 3. Bb5+ Bd7 4. Bxd7+ Nxd7 5. 0-0 e6 6. c3 Ngf6 7. Qe2 Be7 8. d4 cxd4 9. cxd4 0-0 10. Nc3 a6 11. a4 Qc7 12. Bg5 h6 13. Bh4 Rfe8 14. Rac1 Qa5 15. Rfd1 Nf8 16. h3 Nh5 17. Bxe7 Rxe7 18. Qd2 Qd8 19. e5 dxe5 20. dxe5 Qxd2 21. Rxd2 Nf4 22. h4 Rc7 23. Rcd1 N4g6 24. h5 Ne7 25. Nd4 Nc6 26. Nxc6 Rxc6 27. f4 Rc4 28. g3 Rb8 29. Rd4 Rxd4 30. Rxd4 f6 31. exf6 gxf6 32. Kf2 Kf7 33. Ne4 Ke7 34. Nc5 Rc8 35. b4 a5 36. Nxb7 axb4 37. Rxb4 Rc2+ 38. Kf3 Rc3+ 39. Kg2 Nd7 40. a5 Rc2+ 41. Kh3 f5 42. g4 Rc3+ 43. Kg2 Rc2+ 44. Kf3 Rc3+ 45. Ke2 Rc2+ 46. Kf1 Rc1+ 47. Ke2 fxg4 48. Ra4 Nc5 49. Nxc5 Rxc5 50. a6 Rc8 51. Kf2 Kf6 52. a7 Ra8 53. Kg3 Ke7 54. Kxg4 Kf6 55. Ra6 Rg8+ 56. Kf3 Ra8 57. Ke4 Ke7 58. Ke5 Kf7 59. Ra2 Ke7 60. Ra6 1-0

[Event "Moscow op-B"]
[Site "Moscow"]
[Date "2009.11.20"]
[Round "1"]
[White "Masich, Vladimir"]
[Black "Tarasenko, Vitalij"]
[Result "1-0"]
[WhiteElo "2053"]
[BlackElo "1400"]
[PlyCount "63"]
[EventDate "2009.01.31"]
[EventType "swiss"]
[EventRounds "9"]
[EventCountry "RUS"]
[SourceTitle "EXT 2012"]
[Source "ChessBase"]
[SourceDate "2011.11.24"]
[SourceVersion "1"]
[SourceVersionDate "2011.11.24"]
[SourceQuality "1"]

1. e4 e6 2. d4 d5 3. e5 c5 4. c3 Qb6 5. Nf3 Nc6 6. Be2 Bd7 7. 0-0 cxd4 8. cxd4 Nge7 9. b3 Ng6 10. Nc3 a6 11. Be3 Be7 12. Na4 Qa7 13. a3 b5 14. Nb2 Rc8 15. b4 Nb8 16. Nd3 0-0 17. Nc5 Bxc5 18. bxc5 Bc6 19. h4 Ne7 20. Bd3 g6 21. Bh6 Rfd8 22. g4 Kh8 23. Bg5 Kg8 24. Qd2 Kf8 25. Bf6 Ke8 26. Qh6 Kd7 27. Qxh7 Rf8 28. Ng5 Ke8 29. Bg7 Rg8 30. Bh6 Kd7 31. Qxf7 Rce8 32. Qxe6+ 1-0

[Event "Moscow op-B"]
[Site "Moscow"]
[Date "2009.02.07"]
[Round "8"]
[White "Masich, Vladimir"]
[Black "Emdin, Mark"]
[Result "0-1"]
[WhiteElo "2053"]
[BlackElo "1885"]
[PlyCount "82"]
[EventDate "2009.01.31"]
[EventType "swiss"]
[EventRounds "9"]
[EventCountry "RUS"]
[SourceTitle "EXT 2012"]
[Source "ChessBase"]
[SourceDate "2011.11.24"]
[SourceVersion "1"]
[SourceVersionDate "2011.11.24"]
[SourceQuality "1"]

1. e4 e6 2. d4 d5 3. Nc3 Nf6 4. e5 Nfd7 5. f4 c5 6. Nf3 a6 7. Ne2 Nc6 8. c3 Qb6 9. Qc2 Be7 10. Be3 0-0 11. dxc5 Bxc5 12. Bxc5 Nxc5 13. Ng5 Ne4 14. Nxe4 dxe4 15. 0-0-0 Qa5 16. Nd4 Nxd4 17. Rxd4 Qxa2 18. Qxe4 Rb8 19. Bd3 g6 20. Bb1 Qa5 21. h4 b5 22. h5 Bb7 23. Qe2 Qc7 24. Be4 Bxe4 25. Qxe4 a5 26. Rhd1 b4 27. Rc4 Qa7 28. Qd4 Qa6 29. cxb4 axb4 30. b3 Kg7 31. hxg6 hxg6 32. Qb2 Rbc8 33. Rxc8 Rxc8+ 34. Kb1 Rc3 35. Qa2 Qc6 36. Re1 Qd5 37. Qe2 Rxb3+ 38. Kc2 Rc3+ 39. Kb1 Qb3+ 40. Qb2 Qc4 41. Rc1 Qd3+ 0-1

[Event "Moscow op-B"]
[Site "Moscow"]
[Date "2009.02.01"]
[Round "3"]
[White "Pluzyan, Aram"]
[Black "Masich, Vladimir"]
[Result "1-0"]
[WhiteElo "1400"]
[BlackElo "2053"]
[PlyCount "55"]
[EventDate "2009.01.31"]
[EventType "swiss"]
[EventRounds "9"]
[EventCountry "RUS"]
[SourceTitle "EXT 2012"]
[Source "ChessBase"]
[SourceDate "2011.11.24"]
[SourceVersion "1"]
[SourceVersionDate "2011.11.24"]
[SourceQuality "1"]

1. e4 c5 2. Nf3 e6 3. d4 cxd4 4. Nxd4 Nf6 5. Nc3 Bb4 6. Ndb5 Nxe4 7. Qd4 Nxc3 8. bxc3 Bf8 9. Bf4 Nc6 10. Qe3 d6 11. Rd1 e5 12. Bxe5 Nxe5 13. f4 f6 14. Bc4 Bg4 15. fxe5 fxe5 16. Rd4 Be6 17. Bxe6 exd4 18. Bf7+ Kxf7 19. 0-0+ Qf6 20. Rxf6+ gxf6 21. Nxd4 Re8 22. Qf3 h5 23. Qxb7+ Re7 24. Qd5+ Kg6 25. Qf5+ Kf7 26. Nc6 Re8 27. Qd7+ Be7 28. Nd4 1-0

[Event "RUS-ch Seniors"]
[Site "Odintsovo"]
[Date "2008.10.07"]
[Round "5"]
[White "Masich, Vladimir"]
[Black "Matveenko, Yury"]
[Result "1/2-1/2"]
[WhiteElo "2057"]
[BlackElo "2138"]
[PlyCount "128"]
[EventDate "2008.10.02"]
[EventType "swiss"]
[EventRounds "9"]
[EventCountry "RUS"]
[SourceTitle "CBM 127 Extra"]
[Source "ChessBase"]
[SourceDate "2009.01.08"]
[SourceVersion "2"]
[SourceVersionDate "2009.01.28"]
[SourceQuality "1"]

1. d4 d5 2. Nf3 e6 3. c4 Nf6 4. Bg5 Be7 5. e3 h6 6. Bh4 0-0 7. Nc3 Ne4 8. Bxe7 Qxe7 9. cxd5 Nxc3 10. bxc3 exd5 11. Ne5 Bf5 12. Bd3 Bxd3 13. Qxd3 Nd7 14. Nxd7 Qxd7 15. Rb1 b6 16. 0-0 Rac8 17. c4 c5 18. dxc5 Rxc5 19. Rb5 Rxb5 20. cxb5 Qb7 21. Rd1 Rc8 22. h3 Rc5 23. a4 Qe7 24. Qb3 Qe6 25. Rd4 Rc1+ 26. Rd1 Rc4 27. Qd3 Rxa4 28. Qxd5 Qxd5 29. Rxd5 Ra1+ 30. Kh2 Kh7 31. e4 a6 32. bxa6 Rxa6 33. Rd6 g6 34. Rd7 Kg8 35. Rb7 g5 36. f3 Kg7 37. e5 Kg6 38. g4 Ra2+ 39. Kg3 Rb2 40. h4 gxh4+ 41. Kxh4 Rb4 42. Rd7 Rb1 43. Rd6+ Kg7 44. e6 fxe6 45. Rxe6 b5 46. Rb6 b4 47. Rb7+ Kg6 48. Rb6+ Kg7 49. Kg3 b3 50. Kf4 b2 51. Kf5 Rf1 52. Rb7+ Kf8 53. Rxb2 Rxf3+ 54. Kg6 Rh3 55. Rb8+ Ke7 56. Rb4 Rh4 57. Re4+ Kf8 58. Rf4+ Kg8 59. Ra4 Kf8 60. Ra8+ Ke7 61. Ra4 Kf8 62. Kf6 Ke8 63. Ra8+ Kd7 64. Kf5 Ke7 1/2-1/2

[Event "EU-ch Seniors 08th"]
[Site "Davos"]
[Date "2008.08.14"]
[Round "6"]
[White "Keserovic, Milan"]
[Black "Masich, Vladimir"]
[Result "1-0"]
[WhiteElo "2229"]
[BlackElo "2033"]
[PlyCount "63"]
[EventDate "2008.08.09"]
[EventType "swiss"]
[EventRounds "9"]
[EventCountry "SUI"]
[SourceTitle "CBM 126 Extra"]
[Source "ChessBase"]
[SourceDate "2008.11.05"]
[SourceVersion "1"]
[SourceVersionDate "2008.11.05"]
[SourceQuality "1"]

1. e4 c5 2. Nc3 Nc6 3. f4 d6 4. Nf3 g6 5. g3 Bg7 6. Bg2 e6 7. 0-0 Nge7 8. d3 0-0 9. Kh1 Bd7 10. Ne2 Nd4 11. c3 Nxe2 12. Qxe2 Bb5 13. g4 Qd7 14. f5 exf5 15. gxf5 gxf5 16. Bh3 Qc8 17. exf5 Nxf5 18. Rg1 Kh8 19. Ng5 Bc6+ 20. Ne4 Bd7 21. Qh5 f6 22. Bf4 d5 23. Bxf5 Bxf5 24. Nd6 Bxd3 25. Rxg7 Kxg7 26. Qh6+ Kh8 27. Nxc8 Be4+ 28. Kg1 Raxc8 29. Kf2 c4 30. Be3 b6 31. Bd4 Bg6 32. Rg1 1-0

[Event "EU-ch Seniors 08th"]
[Site "Davos"]
[Date "2008.08.13"]
[Round "5"]
[White "Masich, Vladimir"]
[Black "Thieme, Hans"]
[Result "1-0"]
[WhiteElo "2033"]
[BlackElo "2107"]
[PlyCount "59"]
[EventDate "2008.08.09"]
[EventType "swiss"]
[EventRounds "9"]
[EventCountry "SUI"]
[SourceTitle "CBM 126 Extra"]
[Source "ChessBase"]
[SourceDate "2008.11.05"]
[SourceVersion "1"]
[SourceVersionDate "2008.11.05"]
[SourceQuality "1"]

1. e4 c5 2. Nf3 e6 3. d4 cxd4 4. Nxd4 Qb6 5. c3 a6 6. Nb3 Qc7 7. Qf3 b6 8. Bf4 d6 9. N1d2 Bb7 10. Qg3 Nf6 11. e5 Nh5 12. exd6 Qd7 13. Qe3 Nxf4 14. Qxf4 Bxd6 15. Qd4 0-0 16. Qxb6 Rd8 17. Qe3 Qc7 18. Nc4 Bf4 19. Qb6 Qe7 20. Qb4 Qxb4 21. cxb4 Nc6 22. Nc5 Nxb4 23. Nxb7 Nc2+ 24. Ke2 Rdb8 25. g3 Nxa1 26. Bg2 Nc2 27. gxf4 Nd4+ 28. Kd3 Nf5 29. Rd1 Rc8 30. Nb6 1-0

[Event "EU-ch Seniors 08th"]
[Site "Davos"]
[Date "2008.08.12"]
[Round "4"]
[White "Kverndal, Leif"]
[Black "Masich, Vladimir"]
[Result "0-1"]
[WhiteElo "1907"]
[BlackElo "2033"]
[PlyCount "64"]
[EventDate "2008.08.09"]
[EventType "swiss"]
[EventRounds "9"]
[EventCountry "SUI"]
[SourceTitle "CBM 126 Extra"]
[Source "ChessBase"]
[SourceDate "2008.11.05"]
[SourceVersion "1"]
[SourceVersionDate "2008.11.05"]
[SourceQuality "1"]

1. d4 Nf6 2. Nf3 g6 3. g3 Bg7 4. Bg2 0-0 5. 0-0 d6 6. c4 Nbd7 7. Nc3 c6 8. e4 e5 9. Bg5 h6 10. Bxf6 Bxf6 11. d5 Nb6 12. b3 cxd5 13. Nxd5 Nxd5 14. Qxd5 Qb6 15. Rad1 Be7 16. h3 Be6 17. Qd2 Kg7 18. Kh2 a5 19. Qc2 Qb4 20. Ne1 a4 21. Nd3 axb3 22. axb3 Qb6 23. f4 f6 24. f5 Bf7 25. fxg6 Bxg6 26. g4 Ra3 27. Rb1 Rfa8 28. Rb2 Bf7 29. h4 Ra1 30. Rf2 Be6 31. Bh3 Qe3 32. Re2 Qg1# 0-1

[Event "EU-ch Seniors 08th"]
[Site "Davos"]
[Date "2008.08.09"]
[Round "1"]
[White "Masich, Vladimir"]
[Black "Zunker, Reinhard"]
[Result "1-0"]
[WhiteElo "2033"]
[BlackElo "2264"]
[PlyCount "303"]
[EventDate "2008.08.09"]
[EventType "swiss"]
[EventRounds "9"]
[EventCountry "SUI"]
[SourceTitle "CBM 126 Extra"]
[Source "ChessBase"]
[SourceDate "2008.11.05"]
[SourceVersion "1"]
[SourceVersionDate "2008.11.05"]
[SourceQuality "1"]

1. Nf3 Nf6 2. c4 g6 3. Nc3 Bg7 4. d4 d6 5. e4 0-0 6. Be2 e5 7. 0-0 Nbd7 8. Re1 c6 9. dxe5 dxe5 10. Bf1 Re8 11. h3 Qe7 12. a3 h6 13. Be3 g5 14. b4 Nf8 15. Bc5 Qe6 16. Qd6 N6d7 17. Qxe6 Nxe6 18. Bd6 Nd4 19. Rad1 Nxf3+ 20. gxf3 Nf8 21. c5 Ne6 22. Ne2 a5 23. Kg2 axb4 24. axb4 Ra4 25. Rb1 Bd7 26. Red1 Nd4 27. Bxe5 Nxe2 28. Rxd7 Ra2 29. Bxe2 Rxe2 30. Bxg7 Kxg7 31. Rxb7 Rc2 32. Rc7 Re6 33. Rd1 Rf6 34. Rd6 Rf4 35. e5 Rc3 36. Rf6 Rxf6 37. exf6+ Kxf6 38. Rxc6+ Ke5 39. Rxh6 f6 40. Rh7 Rc4 41. Rc7 Rxb4 42. Kg3 Rc4 43. Rc8 Ke6 44. c6 Kf5 45. c7 Rc3 46. Kg2 Rc1 47. Kh2 Rc2 48. Kg1 Rc1+ 49. Kg2 Kf4 50. Rf8 Rxc7 51. Rxf6+ Ke5 52. Rf8 Rc4 53. Kg3 Rb4 54. Re8+ Kf5 55. Re4 Rb1 56. Ra4 Rg1+ 57. Kh2 Re1 58. Ra8 Rb1 59. Rf8+ Kg6 60. f4 gxf4 61. Rxf4 Kg5 62. Ra4 Rb3 63. Kg2 Rc3 64. Ra8 Kf4 65. Rg8 Rc6 66. Rg4+ Kf5 67. Rb4 Rc3 68. f3 Rc1 69. Kg3 Rg1+ 70. Kf2 Rh1 71. Kg2 Rc1 72. h4 Rc7 73. Kg3 Rc1 74. Rb5+ Kg6 75. Kg4 Rg1+ 76. Kf4 Rh1 77. h5+ Kh6 78. Ra5 Re1 79. Rf5 Re2 80. Kg3 Re1 81. Kf2 Re8 82. f4 Re4 83. Kf3 Re1 84. Rg5 Rb1 85. Kg4 Rg1+ 86. Kf5 Re1 87. Rg2 Rb1 88. Rh2 Rb5+ 89. Kg4 Rb3 90. Re2 Rb6 91. Re4 Rb1 92. Re6+ Kg7 93. Kg5 Rg1+ 94. Kf5 Rh1 95. h6+ Kf7 96. Ra6 Rh5+ 97. Kg4 Rh1 98. Kg5 Kg8 99. Ra8+ Kh7 100. Ra7+ Kh8 101. f5 Rg1+ 102. Kf6 Rh1 103. Kg6 Rg1+ 104. Kf7 Rc1 105. f6 Kh7 106. Ra3 Rc7+ 107. Ke6 Rc6+ 108. Ke7 Rc7+ 109. Kd6 Rb7 110. Rh3 Rb6+ 111. Ke5 Rb5+ 112. Kd6 Rb6+ 113. Ke7 Rb7+ 114. Kd8 Rf7 115. Rf3 Kg6 116. Ke8 Rxf6 117. h7 Ra6 118. Rf6+ Rxf6 119. h8Q Re6+ 120. Kd7 Rf6 121. Qg8+ Kf5 122. Ke7 Rg6 123. Qd5+ Kg4 124. Kf7 Rh6 125. Qg2+ Kf5 126. Kg7 Rh4 127. Qd5+ Kf4 128. Qd4+ Kg5 129. Qe3+ Rf4 130. Kh7 Kh5 131. Qe5+ Kg4 132. Kg6 Kf3 133. Qh5+ Kg3 134. Kg5 Rd4 135. Qh8 Rg4+ 136. Kf5 Rf4+ 137. Ke5 Rg4 138. Qh1 Kf2 139. Qh5 Kg3 140. Qh1 Kf2 141. Qh2+ Kf3 142. Kf5 Rg3 143. Qh1+ Rg2 144. Qh3+ Kf2 145. Kf4 Kg1 146. Qe3+ Kh2 147. Qe1 Rg1 148. Qf2+ Rg2 149. Qc5 Kh1 150. Kf3 Rg3+ 151. Kf2 Rg2+ 152. Kf1 1-0

[Event "Soukhumi op"]
[Site "Soukhumi"]
[Date "2007.08.05"]
[Round "3"]
[White "Milashevskaja, Valentina"]
[Black "Masich, Vladimir"]
[Result "1-0"]
[WhiteElo "1816"]
[BlackElo "2051"]
[PlyCount "78"]
[EventDate "2007.08.03"]
[EventType "swiss"]
[EventRounds "9"]
[EventCountry "RUS"]
[SourceTitle "EXT 2009"]
[Source "ChessBase"]
[SourceDate "2008.11.26"]
[SourceVersion "1"]
[SourceVersionDate "2008.11.26"]
[SourceQuality "1"]

1. d4 Nf6 2. c4 e6 3. Nf3 d5 4. e3 c6 5. Nc3 Nbd7 6. Qc2 Bb4 7. Bd2 0-0 8. Be2 Re8 9. 0-0 dxc4 10. Bxc4 Nb6 11. Bb3 a5 12. a4 Nbd7 13. Rfd1 Qe7 14. Ne2 Bxd2 15. Rxd2 Nd5 16. Bxd5 exd5 17. Nc3 Nf6 18. Ne5 Ng4 19. Nxg4 Bxg4 20. Re1 Qg5 21. Ne2 h5 22. f4 Qf6 23. Ng3 h4 24. Nf1 Bf5 25. Qd1 Qg6 26. Rf2 Re7 27. b3 Rd8 28. Qd2 Bd3 29. h3 Bxf1 30. Rfxf1 b6 31. f5 Qg5 32. Rf3 b5 33. Kf2 b4 34. Qc1 Qf6 35. Qc5 Ra8 36. Rc1 Ra6 37. Qc2 Rc7 38. Rf4 Raa7 39. Qd3 Kf8 1-0

[Event "Soukhumi op"]
[Site "Soukhumi"]
[Date "2007.08.03"]
[Round "1"]
[White "Rubanov, Sergey"]
[Black "Masich, Vladimir"]
[Result "0-1"]
[WhiteElo "1795"]
[BlackElo "2051"]
[PlyCount "44"]
[EventDate "2007.08.03"]
[EventType "swiss"]
[EventRounds "9"]
[EventCountry "RUS"]
[SourceTitle "EXT 2009"]
[Source "ChessBase"]
[SourceDate "2008.11.26"]
[SourceVersion "1"]
[SourceVersionDate "2008.11.26"]
[SourceQuality "1"]

1. e4 c5 2. Nf3 Nc6 3. d4 cxd4 4. Nxd4 Nf6 5. Nc3 d6 6. Nxc6 bxc6 7. e5 Ng4 8. exd6 exd6 9. Be2 Nf6 10. g4 d5 11. g5 Nd7 12. Qd4 Nc5 13. f4 Ne6 14. Qf2 Bc5 15. Qg3 Nd4 16. Bd3 0-0 17. Ne2 Re8 18. Kd1 Nf5 19. Qf3 Ne3+ 20. Bxe3 Rxe3 21. Qg2 Bh3 22. Qg3 Rxg3 0-1

[Event "EU-ch Seniors 07th"]
[Site "Hockenheim"]
[Date "2007.06.02"]
[Round "1"]
[White "Masich, Vladimir"]
[Black "Uhlmann, Wolfgang"]
[Result "0-1"]
[WhiteElo "2079"]
[BlackElo "2419"]
[PlyCount "72"]
[EventDate "2007.06.02"]
[EventType "swiss"]
[EventRounds "9"]
[EventCountry "GER"]
[SourceTitle "CBM 118 Extra"]
[Source "ChessBase"]
[SourceDate "2007.07.04"]
[SourceVersion "1"]
[SourceVersionDate "2007.07.04"]
[SourceQuality "1"]

1. Nf3 Nf6 2. g3 g6 3. Bg2 Bg7 4. 0-0 c5 5. c4 0-0 6. Nc3 Nc6 7. d4 cxd4 8. Nxd4 Ng4 9. Nxc6 dxc6 10. Bg5 Qc7 11. Qc2 Be6 12. h3 Ne5 13. b3 h6 14. Bd2 Rad8 15. Rad1 b5 16. c5 Nd7 17. Be3 Nf6 18. Rxd8 Rxd8 19. Rd1 Rxd1+ 20. Qxd1 b4 21. Na4 Bd5 22. Bd4 Bxg2 23. Kxg2 Qd7 24. Qa1 Qd5+ 25. f3 h5 26. Qb2 Ne8 27. Bxg7 Nxg7 28. e4 Qd3 29. Qf2 h4 30. Nb2 Qb1 31. Nc4 hxg3 32. Kxg3 Qc1 33. Qe3 Qa1 34. Na5 Nh5+ 35. Kg4 Qxa2 36. f4 Qxa5 0-1